00765cam a2200229 a 45000010008000000030012000080050017000200080041000370100017000780200015000950400022001100500023001320820021001551000021001762450090001972600059002873000074003465000034004205000020004546500033004747000028005071181970NUST - PNEC20170116181134.0970722s1998 njua b 001 0 eng  a 97034025  a0135705657 aDLCcLIBRARYdDLC00aTP155.7b.A53 199800a660.2812 TUR221 a Turton, Richard00aAnalysis, synthesis, and design of chemical processes /cRichard Turton ... [et al.]. aUpper Saddle River, N.J. :bPrentice Hall PTR,cc1998. axxv, 814 p. :bill. ;c25 cm. +e1 computer optical disc (4 3/4 in.) aFour folded plates in pocket. aIncludes index. 0aChemical processes.xGeneral1 aTurton, Richard,d1955-